000 01373nam a2200325 a 4500
001 BRCA_3302
005 20190320204219.0
008 190309s1868----enka---###---#000-0#eng-#
041 _aeng
044 _aenk
084 _a596
_b.W376
_c1868
100 1 _aCervantes Saavedra, Miguel de
_d1547-1616
_9213
245 1 0 _aDon Quixote de la Mancha
_cTranslated from the Spanish of Miguel de Cervantes Saavedra by Charles Jarvis.
260 _aLondres : Nueva York
_bFrederick Warne and Co.
_c1868
300 _a1 v. en 2 partes (xiv, 710 p.)
_bil.
_c22 cm.
_e1 estampa
500 _aContenido : Primera parte. Prólogo del autor. Segunda parte. Prólogo del autor
500 _aEdición : With 100 Illustrations
500 _aReimpresión de la traducción de Jarvis, publicada en 1866 por los mismos editores. Tela; lomo y plano decorados Lúdovik Osterc
500 _aEstado físico : Imagen pegada en la guarda
500 _aQM1040
546 _aTexto en : inglés
650 1 4 _aNovela española
_yÉpoca clásica, 1500-1700
_9215
650 1 4 _aLiteratura española
_yÉpoca clásica, 1500-1700
_9216
650 1 4 _aNovela española
_ySiglo XVII
_9217
650 1 4 _aDon Quijote (Personaje ficticio)
_eNovela
_9218
700 1 _aJarvis, Charles
_d?-1739
_eTraductor
_98744
740 0 _aEl Ingenioso Hidalgo Don Quijote de la Mancha
902 _aQFM
942 _2lcc
_cB
999 _c3038
_d3038